| 000 | 00649nam a22002177a 4500 | ||
|---|---|---|---|
| 005 | 20250903120011.0 | ||
| 010 | _aENG-146571 | ||
| 020 |
_c250.00 _a9789392151859 |
||
| 035 | _aEN-130103 | ||
| 037 | _bDBAD | ||
| 082 | _a720.954 | ||
| 245 |
_aTHE ARCHITECTURE OF KNOWLEDGE _bExploring Epistemological theories and practices _cMeenakshi R |
||
| 250 | _a1 | ||
| 260 |
_aMadurai _bfirst book publishing _c2025 |
||
| 270 |
_a82,anna main street, Jaihindpuram _bmadurai _e625011 |
||
| 300 |
_a120p. _c22(pb) |
||
| 700 |
_aR Meenakshi _984565 |
||
| 700 |
_aB Kannan _984566 |
||
| 760 | _b1 | ||
| 942 |
_2ddc _cEN _h720.954 _mRME _e1 |
||
| 999 |
_c213276 _d213276 |
||